MARC details
| 000 -LEADER |
| campo de control de longitud fija |
01292cam a2200361 a 4500 |
| 001 - NÚMERO DE CONTROL |
| campo de control |
17805 |
| 005 - FECHA Y HORA DE LA ÚLTIMA TRANSACCIÓN |
| campo de control |
20230410105604.0 |
| 008 - DATOS DE LONGITUD FIJA--INFORMACIÓN GENERAL |
| campo de control de longitud fija |
060907s2000 nyua b 001 0 eng |
| 035 ## - NÚMERO DE CONTROL DEL SISTEMA |
| Número de control de sistema |
12208700 |
| 010 ## - NÚMERO DE CONTROL DE LA BIBLIOTECA DEL CONGRESO |
| Número de control de LC |
00710214 |
| 020 ## - NÚMERO INTERNACIONAL ESTÁNDAR DEL LIBRO |
| Número Internacional Estándar del Libro |
0312203438 |
| 040 ## - FUENTE DE CATALOGACIÓN |
| Centro catalogador/agencia de origen |
DLC |
| Centro/agencia transcriptor |
DLC |
| Centro/agencia modificador |
DLC |
| 041 ## - CÓDIGO DE IDIOMA |
| Código de lengua del texto/banda sonora o título independiente |
Eng |
| 050 14 - SIGNATURA TOPOGRÁFICA DE LA BIBLIOTECA DEL CONGRESO |
| Número de clasificación |
HD2755.5 |
| Número de ítem |
K64 2000b |
| 050 14 - SIGNATURA TOPOGRÁFICA DE LA BIBLIOTECA DEL CONGRESO |
| Número de clasificación |
HD 2755.5 |
| Número de ítem |
K64n 2002 |
| 082 00 - NÚMERO DE LA CLASIFICACIÓN DECIMAL DEWEY |
| Número de clasificación |
338.8/8 |
| Número de edición |
21 |
| 100 1# - ENTRADA PRINCIPAL--NOMBRE DE PERSONA |
| Nombre de persona |
Klein, Naomi, |
| Fechas asociadas al nombre |
1970- |
| 245 10 - MENCIÓN DEL TÍTULO |
| Título |
No logo : |
| Resto del título |
taking aim at the brand bullies / |
| Mención de responsabilidad, etc. |
Naomi Klein. |
| 246 1# - FORMA VARIANTE DEL TITULO |
| Título propio/Titulo breve |
No space, no choice, no jobs |
| 246 30 - FORMA VARIANTE DEL TITULO |
| Título propio/Titulo breve |
Taking aim at the brand bullies |
| 250 ## - MENCION DE EDICION |
| Mención de edición |
1st Picador USA ed. |
| 260 ## - PUBLICACIÓN, DISTRIBUCIÓN, ETC. |
| Lugar de publicación, distribución, etc. |
New York : |
| Nombre del editor, distribuidor, etc. |
Picador, |
| Fecha de publicación, distribución, etc. |
2000. |
| 300 ## - DESCRIPCIÓN FÍSICA |
| Extensión |
xxi, 490 p. : |
| Otras características físicas |
ill. ; |
| Dimensiones |
24 cm. |
| 504 ## - NOTA DE BIBLIOGRAFÍA, ETC. |
| Nota de bibliografía, etc. |
Includes bibliographical references (p. [479]-481) and index. |
| 650 #0 - PUNTO DE ACCESO ADICIONAL DE MATERIA--TÉRMINO DE MATERIA |
| Término de materia o nombre geográfico como elemento de entrada |
International business enterprises |
| Subdivisión general |
Political aspects. |
| 650 #0 - PUNTO DE ACCESO ADICIONAL DE MATERIA--TÉRMINO DE MATERIA |
| Término de materia o nombre geográfico como elemento de entrada |
International business enterprises |
| Subdivisión general |
Public opinion. |
| 650 #0 - PUNTO DE ACCESO ADICIONAL DE MATERIA--TÉRMINO DE MATERIA |
| Término de materia o nombre geográfico como elemento de entrada |
Brand name products |
| Subdivisión general |
Political aspects. |
| 650 #0 - PUNTO DE ACCESO ADICIONAL DE MATERIA--TÉRMINO DE MATERIA |
| Término de materia o nombre geográfico como elemento de entrada |
Brand name products |
| Subdivisión general |
Public opinion. |
| 856 42 - LOCALIZACIÓN Y ACCESO ELECTRÓNICOS |
| Materiales especificados |
Contributor biographical information |
| Identificador Uniforme de Recursos |
<a href="http://www.loc.gov/catdir/bios/hol054/00710214.html">http://www.loc.gov/catdir/bios/hol054/00710214.html</a> |
| 856 42 - LOCALIZACIÓN Y ACCESO ELECTRÓNICOS |
| Materiales especificados |
Publisher description |
| Identificador Uniforme de Recursos |
<a href="http://www.loc.gov/catdir/description/hol042/00710214.html">http://www.loc.gov/catdir/description/hol042/00710214.html</a> |
| 942 ## - ELEMENTOS DE ENTRADA SECUNDARIOS (KOHA) |
| Fuente del sistema de clasificación o colocación |
Clasificación de Library of Congress |
| Tipo de ítem Koha |
|
| 946 ## - PROCESAMIENTO DE INFORMACIÓN LOCAL (OCLC) |
| a |
dvf |